00386 2200157 4500001002100000005001500021035002000036245005500056100003600111250000600147300001100153260003000164082000800194084001400202990001200216INLIS00000000000244420250604102622 a0010-06250000301 aAyam Jawa Super /cMas Bagong. M , Purnomo Raharja0 aMas Bagong. M , Purnomo Raharja a1 a55 hlm bAgro Media Pustaka,c2002 a600 a600 MAS a a0712290